01889cam a2200301 a 450000100090000000300040000900500170001300800410003001000170007102000370008802000340012504000180015904200080017705000140018508200120019924500850021125000120029626000440030830000540035250400530040650508840045965000160134370000260135990600450138594200120143099900160144295201290145816285488OSt20220211113311.0100615s2011 maua b 001 0 eng  a 2010024862 a9780205832064 (hbk. Student ed.) a0205832067 (hbk. Student ed.) aDLCcDLCdDLC apcc00aBF121.P8200a15022200aPsychology : from inquiry to understanding. /cScott O. Lilienfeld ... [et al.]. a2nd ed. aBoston :bPearson/Allyn & Bacon,c2011. axxix, 669, [137] p. :bill. (some col.) ;c29 cm. aIncludes bibliographical references and indexes. aContents: Psychology and scientific thinking; a framework for everyday life -- Research methods; safeguards against error -- Biological psychology; bridging the levels of analysis -- Sensation and perception; how we sense and conceptualize the world -- Consciousness; expanding the boundaries of psychological inquiry -- Learning; how nurture changes us -- Memory; constructing and reconstructing our pasts -- Language, thinking, and reasoning; getting inside our talking heads -- Intelligence and IQ testing; controversy and consensus -- Human development; how and why we change -- Emotion and motivation; what moves us -- Stress, coping and health; the mind-body and interconnection -- Social psychology; how others affects us -- Personality; who we are -- Psychological disorders; when adaptation breaks down -- Psychological and biological treatments; helping people change.  0aPsychology.1 aLilienfeld, Scott O., a7bcbccorigcopd2encipf20gy-gencatlg 2lcccBK c8666d16166 00102lcc4070aWIUC-KLbWIUC-KLcGENd2019-10-25eSTMl0oBF121.P82(2e)pK/659/659/19r2022-02-10 00:00:00w2022-02-10yBK